Čistenie povrchov objektov výtvarného umenia modernými metódami bakalárska práca

Gespeichert in:
Bibliographische Detailangaben
1. Verfasser: Lipová, Dominika
Format: Buch
Sprache:Slowakisch
Veröffentlicht: Bratislava STU FCHPT 2016
Online-Zugang:Im OPAC anzeigen
Tags: Tag hinzufügen
Keine Tags, Fügen Sie das erste Tag hinzu!

MARC

LEADER 00000nam a2200000 a 4500
005 20260127134122.0
008 161019 2016 000 0 slo d
035 |a vtls011587333 
039 9 |y 201610191111  |z mschk03 
040 |a STUSCHK1  |b slo  |c STUSCHK1  |e AACR2 
100 1 |a Lipová, Dominika 
245 1 |a Čistenie povrchov objektov výtvarného umenia modernými metódami  |b bakalárska práca  |c Dominika Lipová 
260 |a Bratislava  |b STU FCHPT  |c 2016 
300 |a 53 s.  |b il.  |c 25 cm 
500 |a Študijný program: chémia, medicínska chémia a chemické materiály 
500 |a Študijný odbor: chémia, chemické technológie 
500 |a Školiace pracovisko: Odd. polygrafie a aplikovanej fotochémie 
500 |a Evid.číslo: FCHPT-13569-64242 
910 |a SCHK95 
999 |c 4506  |d 4506